00494cam a2200169 a 4500001000800000005001700008008004100025020001500066035002000081050001900101245006500120250001200185260005400197300002500251650002900276999001900305388775120190819104235.0901001s1991 pau d 000 0 eng c a0914783475 a(Sirsi) a150793 aR 123 CHA 1990 aThe Charles Press handbook of current medical abbreviations. a3rd ed. aPhiladelphia :bCharles Press Publishers,cc1991. avi, 184 p. ;c19 cm. aMedicinexAbbreviations. c102927d102927